banner-ar

سيف الله خالد بن الوليد : دراسة عسكرية تاريخية عن معاركة وحياتة / (Record no. 39158)

MARC details
000 -الفاتح
حقل البيانات ثابتة الطول 00761nam a2200229Ia 4500
008 - عناصر البيانات ثابتة الطول - معلومات عامة
حقل البيانات ثابتة الطول 140319s9999 xx 000 0 ara d
040 ## - مصدر الفهرسة
وكالة الفهرسة الأصلية GCL /
وكالة النسخ GCL
082 04 - رقم تصنيف ديوى العشرى
رقم التصنيف 953.02
رقم المادة ا س
100 1# - المدخل الرئيسى - إسم شخصى
الإسم الشخصى اكرم، أ.ى
245 10 - بيان العنوان
العنوان سيف الله خالد بن الوليد : دراسة عسكرية تاريخية عن معاركة وحياتة /
بيان المسئوليه,etc اكرم، أ.ى
700 1# - المدخل الاضافى - اسم شخصى
الإسم الشخصى صبحى الجابى (ترجمة)
300 ## - الوصف المادى
التعداد 536 ص
490 ## - بيان السلسلة
عنوان السلسلة
650 04 - المدخل الاضافى بالموضوع-مصطلح موضوعى
مصطلح موضوعي الفتوحات الاسلامية
650 04 - المدخل الاضافى بالموضوع-مصطلح موضوعى
مصطلح موضوعي التاريخ الاسلامى
650 04 - المدخل الاضافى بالموضوع-مصطلح موضوعى
مصطلح موضوعي الاسلام - تراجم
650 04 - المدخل الاضافى بالموضوع-مصطلح موضوعى
مصطلح موضوعي الغزوات الاسلامية
650 04 - المدخل الاضافى بالموضوع-مصطلح موضوعى
مصطلح موضوعي خالد بن الوليد
650 04 - المدخل الاضافى بالموضوع-مصطلح موضوعى
مصطلح موضوعي معركة اليرموك
942 ## - عناصر المدخل الإضافي( كوها)
مصدر التصنيف او مخطط الترفيف Dewey Decimal Classification
Koha [default] item type كتاب
Holdings
حالة التراجع حالة الفقد حالة تلف ليس للاعارة المكان المؤقت الموقع الحالى تاريخ الاكتساب اجمالي اﻻعارات رقم الطلب الباركود تاريخ اخر مشاهدة تاريخ تفعيل السعر نوع وعاء كوها
        مكتبة القاهرة الكبرى مكتبة القاهرة الكبرى 03/26/2014   953.02\ا س 95784 03/26/2014 03/26/2014 كتاب

Powered By

EGPV